|
|
|
|
| LEADER |
00000nab a2200000 a 4500 |
| 001 |
vtls000515129 |
| 003 |
SK-MaSNL |
| 005 |
20260318122006.0 |
| 008 |
160202c1994 xo 0 hun |
| 015 |
|
|
|a SNBRB19rr/mm-uuuuu
|
| 035 |
|
|
|a CL0515267
|
| 040 |
|
|
|a SNKBUCL
|b slo
|c SNKBUCL
|e AACR2
|
| 041 |
0 |
|
|a hun
|
| 044 |
|
|
|a xo
|c SK
|
| 080 |
|
|
|a 504.06(437.6):627.8(437.6)
|2 1981
|
| 080 |
|
|
|a 627.8(437.6)
|2 1981
|
| 100 |
1 |
|
|a Benkovics, Klára
|4 aut
|9 975673
|
| 245 |
1 |
0 |
|a Szemetelni is tudni kell
|b Ismerős arcok - Benkovics Klára
|c Klára Benkovics, Erzsébet Vonyik P.
|
| 300 |
|
|
|b Fotogr. 1, obr. 1
|
| 650 |
0 |
7 |
|a životné prostredie
|2 snkbucl
|9 786
|
| 650 |
0 |
7 |
|a diela vodné
|2 snkbucl
|9 893772
|
| 651 |
|
7 |
|a 5202
|2 snkbucl
|9 277881
|
| 651 |
|
7 |
|a Žitný ostrov (Slovensko)
|2 snkbucl
|9 18362
|
| 651 |
|
7 |
|a Gabčíkovo (Slovensko)
|2 snkbucl
|9 23512
|
| 655 |
|
7 |
|a články z novín a časopisov
|2 snkbucl
|9 267496
|
| 700 |
1 |
|
|a Vonyik P., Erzsébet
|4 aut
|9 980777
|
| 773 |
0 |
|
|t Vasárnap
|g Roč. 27, č. 17 (1994), s. 3
|
| 850 |
|
|
|a Slovenská národná knižnica v Martine
|a DSG001
|
| 852 |
|
|
|a SNK
|b KIS3GCP
|
| 958 |
|
|
|a RK
|
| 958 |
|
|
|a HU
|
| 992 |
|
|
|a RBX
|
| 999 |
|
|
|c 3179074
|d 3181004
|